00254nam a22000977a 4500008004100000041000800041080001000049100000600059101001200065245007900077180517b xxu||||| |||| 00| 0 eng d aeng a043.3 a0 aSHKI-BA aWeb Server-et - Nje trajtim krahasues ndermjes IIS dhe ApachecBerisha, Sh